000 00752nam a22002537a 4500
003 0
005 20180713153502.0
008 0
010 _aB-164446
020 _c00.00
_a8175412364
035 _aB-164446,
037 _bCen Lib/Ret
040 _aDPL
_bEN
_c0
082 _a551.47024
_bMUK
100 _aMukhopadhyay, Suvasish
_926397
245 _aTsunami :
_cby Suvasish Mukhopadhyay
_bthe biggest bane /
260 _aDelhi
_bShipra Publications
_c2005
270 _a115-A,Vilkas Marg Shakarpur
_bDelhi
_e110092
300 _a149p. :
_c21cm(Hb)
_bill.
500 _aIncludes bibliographical reference and index
650 _aTsunamis
_926398
650 _aTsunami Warning System
_926399
942 _2ddc
_cEN
_h551.47024
_mMUK
999 _c129450
_d129450